Natun puharat asamiya sahityar buranji (Record no. 3564)

MARC details
000 -LEADER
fixed length control field 00516cam a2200193ua 4500
001 - CONTROL NUMBER
control field 3740
005 - DATE AND TIME OF LATEST TRANSACTION
control field 20260515113725.0
008 - FIXED-LENGTH DATA ELEMENTS--GENERAL INFORMATION
fixed length control field 120204n ii |||gr||||Z||||||asm
040 ## - CATALOGING SOURCE
Transcribing agency MAIN
082 ## - DEWEY DECIMAL CLASSIFICATION NUMBER
Classification number 891.4514
100 ## - MAIN ENTRY--PERSONAL NAME
Personal name Neog, Dimbeswar,
Relator term Author.
245 11 - TITLE STATEMENT
Title Natun puharat asamiya sahityar buranji
Statement of responsibility, etc. by Dimbeswar Neog
250 ## - EDITION STATEMENT
Edition statement 7th.
260 ## - PUBLICATION, DISTRIBUTION, ETC.
Place of publication, distribution, etc. Guwahati:
Name of publisher, distributor, etc. Suwani Prakash,997.
300 ## - PHYSICAL DESCRIPTION
Extent 384p:
Dimensions 23cm.
653 ## - INDEX TERM--UNCONTROLLED
Uncontrolled term Assamese buranji
653 ## - INDEX TERM--UNCONTROLLED
Uncontrolled term Natun Puharat asamiya sahityar buranji
942 ## - ADDED ENTRY ELEMENTS (KOHA)
Koha item type Books
Holdings
Withdrawn status Lost status Damaged status Not for loan Home library Current library Shelving location Date acquired Total checkouts Full call number Barcode Date last seen Copy number Price effective from Koha item type
        Naharkatiya College Library Naharkatiya College Library General stacks 09/19/2020   891.4514 | NEO 9294 09/19/2020 2 09/19/2020 Books
        Naharkatiya College Library Naharkatiya College Library General stacks 09/19/2020   891.4514 | NEO 9295 09/19/2020 1 09/19/2020 Books